Nákupné správanie seniorov vo vybranej obci diplomová práca

Saved in:
Bibliographic Details
Main Author: Kvasnicová, Kristína
Corporate Author: Obchodná fakulta EU. Katedra marketingu
Other Authors: Vokounová, Dana, 1962-
Format: Book
Language:Slovak
Published: Bratislava 2017
Tags: Add Tag
No Tags, Be the first to tag this record!

MARC

LEADER 00000nbm a2200000 4500
001 0230639
005 20170929130656.4
041 0 |a slo 
044 |a SK 
245 1 0 |a Nákupné správanie seniorov vo vybranej obci  |b diplomová práca  |c Kristína Kvasnicová ; školiteľ: Dana Vokounová 
264 1 |a Bratislava  |c 2017 
300 |a 76 s. 
100 1 |a Kvasnicová, Kristína 
700 1 |a Vokounová, Dana, 1962- 
710 2 |a Obchodná fakulta EU. Katedra marketingu